Countries Most Similar To the Republic of Congo - Statistics

General Stats
  • This quiz has been taken 24 times
  • The average score is 14 of 20
Answer Stats
Rank Country Score % Correct
9 Burundi 75.3
94%
12 Rwanda 72.1
88%
11 Angola 73.9
81%
2 Cameroon 80.7
81%
1 DRC 85.6
81%
15 Ghana 69.9
81%
7 Equatorial Guinea 75.3
75%
4 Gabon 78.8
75%
19 Mozambique 68.6
75%
10 Guinea 74.9
69%
18 Senegal 69
69%
20 Uganda 68.5
69%
8 Benin 75.3
63%
16 Burkina Faso 69.6
63%
3 CAR 80.2
63%
17 Guinea Bissau 69.2
63%
6 Ivory Coast 75.5
63%
13 Liberia 70.7
63%
5 Togo 76.3
63%
14 Madagascar 70.7
25%
No matching quizzes found
Score Distribution
Percent of People with Each Score
Percentile by Number Answered
Your Score History
You have not taken this quiz